000 00593nac a22001811u 4500
020 _a8121903599
082 _a620
_bD24
090 _c3183
_d3183
100 _aDara ,S.S.
245 _aA Text Book Of Engineering Chemistry/
_bS.S.Dara.
260 _aNew Delhi:1986.
_bS.Chand Company ,
_cc1986.
300 _a786p:
_bill;
_c25cm.
504 _aIncludes Index.
650 _aEngineering - Chemistry -TextBooks
700 _aDara ,S.S.
942 _cBB
_k620D24
999 _c3183
_d3183